Central Library OPAC University of Rajshahi
Normal view MARC view

Entry Personal Name

Number of records used in: 4

001 - CONTROL NUMBER

  • control field: 13543

003 - CONTROL NUMBER IDENTIFIER

  • control field: BD-RjUL

005 - DATE AND TIME OF LATEST TRANSACTION

  • control field: 20240918152708.0

008 - FIXED-LENGTH DATA ELEMENTS

  • fixed length control field: 240918|| aca||aabn | a|a d

040 ## - CATALOGING SOURCE

  • Original cataloging agency: BD-RjUL
  • Transcribing agency: BD-RjUL

100 ## - HEADING--PERSONAL NAME

  • Personal name: DANIEL, THILAGAVATHY, Supervisor

670 ## - SOURCE DATA FOUND

  • Source citation: Work cat.: (BD-RjUL)84010: ALAGUMALAI, K. 13541, Syudies on the Effect of Nutritional Supplementation on Growth and Productivity of Molberry Silkworm, Bombyx Mori L. ; , 2004